000 00260nam a2200097Ia 4500
008 240331s9999 xx 000 0 und d
082 _a294.3
_bWIC
100 _aWickramarathne, A
245 0 _aBuddhism and ethnicity in Sri Lanka :
_ba historical analrsis
942 _cL
999 _c927
_d927